Экономический анализ деятельности предприятия: учебник

Bibliografiset tiedot
Päätekijä: Иванов И. Н. Игорь Николаевич
Yhteenveto:В учебнике излагается материал, охватывающий комплекс вопросов, связанных с экономическим анализом функционирования предприятия в рыночных условиях. Рассмотрены теоретические аспекты экономического анализа, методика анализа использования ресурсов предприятия, особенности оценки предпринимательской деятельности хозяйствующего субъекта и результатов этой деятельности. Отдельный раздел учебника посвящен альтернативным методам экономического анализа — маржинальному, функционально-стоимостному анализу и бенчмаркингу. Для студентов бакалавриата, обучающихся по направлениям «Менеджмент» и «Экономика». Учебник может использоваться также в процессе подготовки магистров названных направлений и в системе дополнительного профессионального образования.
Kieli:venäjä
Julkaistu: Москва, Инфра-М, 2014
Sarja:Высшее образование. Бакалавриат
Aiheet:
Aineistotyyppi: MixedMaterials Kirja
KOHA link:https://koha.lib.tpu.ru/cgi-bin/koha/opac-detail.pl?biblionumber=257744

MARC

LEADER 00000nam0a2200000 4500
001 257744
005 20231031220022.0
010 |a 9785160056081 
035 |a (RuTPU)RU\TPU\book\280561 
090 |a 257744 
100 |a 20140418d2014 m y0rusy50 ca 
101 0 |a rus 
102 |a RU 
105 |a y j 001zy 
200 1 |a Экономический анализ деятельности предприятия  |e учебник  |f И. Н. Иванов 
210 |a Москва  |c Инфра-М  |d 2014 
215 |a 348 с. 
225 1 |a Высшее образование. Бакалавриат 
320 |a Библиогр.: с. 341-342. 
330 |a В учебнике излагается материал, охватывающий комплекс вопросов, связанных с экономическим анализом функционирования предприятия в рыночных условиях. Рассмотрены теоретические аспекты экономического анализа, методика анализа использования ресурсов предприятия, особенности оценки предпринимательской деятельности хозяйствующего субъекта и результатов этой деятельности. Отдельный раздел учебника посвящен альтернативным методам экономического анализа — маржинальному, функционально-стоимостному анализу и бенчмаркингу. Для студентов бакалавриата, обучающихся по направлениям «Менеджмент» и «Экономика». Учебник может использоваться также в процессе подготовки магистров названных направлений и в системе дополнительного профессионального образования. 
606 1 |a Экономический анализ  |2 stltpush  |3 (RuTPU)RU\TPU\subj\37444 
610 1 |a экономика 
610 1 |a хозяйственная деятельность 
610 1 |a предприятия 
610 1 |a трудовые ресурсы 
610 1 |a основные фонды 
610 1 |a финансовые ресурсы 
610 1 |a предпринимательская деятельность 
610 1 |a инновационная деятельность 
610 1 |a маркетинг 
610 1 |a инвестиционная деятельность 
610 1 |a продукция 
610 1 |a качество 
610 1 |a сертификация 
610 1 |a издержки 
610 1 |a прибыль 
610 1 |a рентабельность 
610 1 |a рыночные показатели 
610 1 |a маржинальный анализ 
610 1 |a функционально-стоимостный анализ 
610 1 |a бенчмаркинг 
610 1 |a учебники 
686 |a У053я73  |2 rubbk 
700 1 |a Иванов  |b И. Н.  |g Игорь Николаевич 
801 1 |a RU  |b 63413507  |c 20140418 
801 2 |a RU  |b 63413507  |c 20150622  |g RCR 
942 |c BK 
959 |a 73/20140416  |d 2  |e 349,90  |f ЧЗГЛ:1  |f АНЛ:1